| 000 | 00722nam a22002177a 4500 | ||
|---|---|---|---|
| 999 |
_c7256 _d7256 |
||
| 003 | AR-CdUCM | ||
| 008 | 190320b ||||| |||| 00| 0 spa d | ||
| 020 | _a978-612-45984-0-1 | ||
| 040 |
_aMUNICIPALIDAD PROVINCIAL DEL CUSCO _cBIBLIOTECA MUNICIPAL DEL CUSCO |
||
| 082 |
_a133 / _bV66 |
||
| 100 |
_aVillafuerte Pezo, Jorge Augusto _920451 |
||
| 245 |
_aExorcismo : _bManual y rituales / |
||
| 260 |
_aCusco : _bAntares, _c2011. |
||
| 300 |
_a138 páginas ; _c21 cm. |
||
| 505 | _aContenido : Capitulo I : Exorcismo -- Capitulo II : Ritual -- Capitulo III : Contacto con los ángeles ... | ||
| 650 |
_aExsorcismo _920452 |
||
| 650 |
_aRitual _95086 |
||
| 650 |
_aSanacion _920453 |
||
| 942 |
_2ddc _cLIBROS |
||
| 945 | _arah | ||